जयप्रकाश नारायण यांचे एकशे एक मौलिक विचार (Record no. 436663)

MARC details
000 -LEADER
fixed length control field 00754nam a2200157Ia 4500
008 - FIXED-LENGTH DATA ELEMENTS--GENERAL INFORMATION
fixed length control field 100122s9999 xx 000 0 und d
082 ## - DEWEY DECIMAL CLASSIFICATION NUMBER
Item number 62276
Classification number 80
100 ## - MAIN ENTRY--PERSONAL NAME
Personal name नारायण जयप्रकाश
245 ## - TITLE STATEMENT
Title जयप्रकाश नारायण यांचे एकशे एक मौलिक विचार
260 ## - PUBLICATION, DISTRIBUTION, ETC. (IMPRINT)
Name of publisher, distributor, etc लोकवाड.मय गृह प्रकाशन
Date of publication, distribution, etc 2002
300 ## - PHYSICAL DESCRIPTION
Extent 25
630 ## - SUBJECT ADDED ENTRY--UNIFORM TITLE
Uniform title जयप्रकाश नारायण यांचे एकशे एक मौलिक विचार
700 ## - ADDED ENTRY--PERSONAL NAME
Personal name बंद्रे प्रकाश
730 ## - ADDED ENTRY--UNIFORM TITLE
Uniform title जयप्रकाश नारायण यांचे एकशे एक मौलिक विचार
942 ## - ADDED ENTRY ELEMENTS (KOHA)
Koha item type Book
Holdings
Withdrawn status Lost status Damaged status Not for loan Home library Current library Date acquired Cost, normal purchase price Total Checkouts Full call number Barcode Date last seen Cost, replacement price Price effective from Koha item type Public note
        S.V. Pathak Library, Vile Parle S.V. Pathak Library, Vile Parle 11/25/2002 15.00   62276 SVPPARLE-62276 01/25/2010 15.00 01/25/2010 Book Compiled NA